Basic of Electronic Communication (Record no. 1000)

MARC details
000 -LEADER
fixed length control field 00313nam a2200133Ia 4500
008 - FIXED-LENGTH DATA ELEMENTS--GENERAL INFORMATION
fixed length control field 191201s2004 xx 000 0 und d
082 ## - DEWEY DECIMAL CLASSIFICATION NUMBER
Classification number 621.382
Item number NIB
100 ## - MAIN ENTRY--PERSONAL NAME
Personal name NIIT
245 #0 - TITLE STATEMENT
Title Basic of Electronic Communication
260 ## - PUBLICATION, DISTRIBUTION, ETC. (IMPRINT)
Place of publication, distribution, etc N.Delhi
Name of publisher, distributor, etc PHI
Date of publication, distribution, etc 2004
300 ## - PHYSICAL DESCRIPTION
Extent 377
650 ## - SUBJECT ADDED ENTRY--TOPICAL TERM
Topical term or geographic name as entry element B.Tech(ECE)
942 ## - ADDED ENTRY ELEMENTS (KOHA)
Source of classification or shelving scheme Dewey Decimal Classification
Koha item type Text Books
Holdings
Withdrawn status Lost status Source of classification or shelving scheme Damaged status Not for loan Collection code Home library Current library Date acquired Source of acquisition Cost, normal purchase price Bill Number Total Checkouts Full call number Acc. no. / Barcode Date last seen Bill Date Koha item type Date last borrowed
    Dewey Decimal Classification     B.Tech(ECE) PIET C-LIBRARY PIET C-LIBRARY 09/08/2005 UDH, Delhi 225.00 CM 4732   621.382 NIB 1038 04/12/2019 22/08/2005 Text Books  
    Dewey Decimal Classification     B.Tech(ECE) PIET C-LIBRARY PIET C-LIBRARY 09/08/2005 UDH, Delhi 225.00 CM 4732   621.382 NIB 1039 04/12/2019 22/08/2005 Text Books  
    Dewey Decimal Classification     B.Tech(ECE) PIET C-LIBRARY PIET C-LIBRARY 09/08/2005 UDH, Delhi 225.00 CM 4732   621.382 NIB 1040 04/12/2019 22/08/2005 Text Books  
    Dewey Decimal Classification     B.Tech(ECE) PIET C-LIBRARY PIET C-LIBRARY 09/08/2005 UDH, Delhi 225.00 CM 4732 1 621.382 NIB 1041 27/01/2025 22/08/2005 Text Books 05/02/2024

Design & Developed by: PIET Central Library
R70 Miles Stone Pattikalyana Samalkha Panipat 132102
mail ID :- [email protected], Phone No:- 0180-2569700 Ex.216